000 00636nam a2200241Ia 4500
003 OSt
005 20220918111524.0
006 a|||||r|||| 00| 0
007 cj aa aaaaa
008 220917b |||||||| |||| 00| 0 eng d
024 _a117403
037 _cDigitized Books
040 _aARTS
_cARTS
_beng
041 _2eng
_aeng
082 _a"V51xD1, H2.1-.2"
100 _aGodolphin Francis R B ed
_910687
245 0 _aGreek historians
260 _a0
_c1942
300 _ap.
_ccm.
650 _aHISTORY
942 _h"V51xD1, H2.1-.2"
_cEBOOK
_2CC
999 _c116751
_d116751